000 00535nam a2200181Ia 4500
003 IN-BaIIA
008 211028s9999 xx 000 0 eng d
040 _cIIA Library
080 _a621.391(035)
_bINT
110 _aIntersil
_914937
245 0 _aIntersil application handbook
_cIntersil Inc.
260 _aU.S.A.
_bIntersil
_c1985
300 _a[various pagings.]
650 _aIntegrated circuits
_93314
650 _aNASA thesaurus
650 _aSignal processing
_93537
942 _cBK
999 _c8879
_d8879